Gentle Mates Titles - Statistiques

Statistiques générales
  • Ce quiz a été pris 9 fois
  • Le résultat moyen est 8 sur 56
Statistiques - réponses
Tier Hint Réponse CASH PRIZE % Correct
S COD CDL Major 1 2026 150 000 $
57%
S Rocket League RLCS 2024 Major 1 75 000 €
57%
S Rocket League RLCS 2026 Major 1 102 000 $
57%
C CS2 IstanbulLAN 2026 12 500 $
43%
B Rocket League Coupe de France Slash 10 000€
29%
S Fortnite Fortnite Global Championship 300 000 $
29%
C TFT Hex Tour : Coupe de France 3500 €
29%
B COD Kaysan's Showdown 8 40 000 $
29%
S AOE Master of Realms 9000 €
29%
A Valorant GC VCT GC EMEA Split 1 2026 30 000 €
29%
B Valorant BtcTurc GAME FEST 25 000 €
14%
C Fortnite Coupe Playstation Recharge MO 1500 $
14%
C CS2 EPIC LAN 45 2346 $
14%
A Fortnite FNCS Division 1 EU 10 000 $
14%
A Fortnite FNCS Division 1 EU 15 000 €
14%
A Fortnite FNCS Division 1 EU 7500 €
14%
A Fortnite FNCS Division 1 EU 7500 €
14%
A Fortnite FNCS Division 1 EU 7500 €
14%
B Fortnite FNCS Division 1 EU 5000 $
14%
A Fortnite FNCS Division 1 NA 5000 €
14%
B Fortnite FNCS Division 1 NA 3000 $
14%
B Fortnite FNCS Division 1 NA 3000 $
14%
B Fortnite FNCS Division 1 NA 3000 $
14%
S Fortnite FNCS Major 2 EU 2025 120 000 €
14%
B TFT Golden Spatula Cup 1 2500 €
14%
C TFT Hex Tour : Néma Cup 1600 €
14%
C TFT King of Fields 95 4 2200 €
14%
S AOE King of the Rockies 6000 $
14%
S AOE Master of Steel 8000 €
14%
S AOE Redbull Wololo 2024 20 000 $
14%
S AOE Redbull Wololo 2026 20 000 €
14%
A Rocket League RLCS 2026 Boston Major Open 3 21 000 $
14%
A Rocket League RLCS 2026 Paris Major Open 5 21 000 $
14%
C CS2 Roman Imperium Cup 1 2936 $
14%
B Valorant VCT Ascension EMEA 17 700 $
14%
B Valorant VRL France Split 1 7000 €
14%
B Valorant VRL France Split 2 7000 €
14%
S AOE EGC Master Fall 5000 €
0%
A 2XKO EU Community series 0
0%
B CS2 Exort the proving grounds S2 40 916 $
0%
B Fortnite FNCS Showdown EU 3000 €
0%
B 2XKO Galaxian Explosion 31 300 $
0%
B 2XKO Galaxian Explosion 32 0
0%
C Fortnite HavoK Shortcup 1000 $
0%
C TFT Hex Tour : Ultimate Maestro 2500 €
0%
B 2XKO MINDSET 2025 2319 $
0%
A Warzone Pullze Check 24 000 $
0%
B 2XKO SNTKDD 32 300 $
0%
S TFT Soul Fighter Cup 3000 $
0%
B TFT Tactician's Cup 1 2500 €
0%
S AOE The Elite Classic 2 6700 €
0%
S AOE The Elite Classic 3 5550 €
0%
A Warzone Trials of Avalon 16 000 $
0%
B Fortnite Trio Cash Cup EU 4000 €
0%
B Warzone Warzone Total Frenzy 2500 $
0%
B Warzone Warzone Total Frenzy 2333 $
0%
Aucun quiz correspondant
Distribution des résultats
% des personnes avec chaque résultat
Percentile par nombre de réponses
Votre historique - résultats
Vous n’avez pas pris ce quiz